000 00956cab a2200277 4500
001 ABS59473
008 090401t1998 xxu||||| |||| 00| 0 eng d
035 _a(Sirsi) u89114
041 _aeng
245 _aIn with regeneration
260 _c1998
350 _a0
490 _aBuilding Economist
_vOctober 1998, 8-9(2)
520 _aReview of government`s National Strategy for Neighbourhood Renewal, a long-term programme which aims at turning the tide of decreasing social housing provision, both in the number of completions of new dwellings, and the quality of existing ones.
650 _aCAPITAL RECEIPTS INITIATIVE
650 _aCOMPREHENSIVE SPENDING REVIEW
650 _aHOUSING CONDITIONS
650 _aHOUSING POLICY
650 _aHOUSING PROVISION
650 _aNATIONAL STRATEGY FOR NEIGHBOURHOOD RENEWAL
650 _aSOCIAL HOUSING
650 _aURBAN RENEWAL
690 _aHOUSING
942 _n0
948 _c20/10/1998
999 _c56343
_d56343